LIBRARY & INFORMATION CENTRE, KCAET, TAVANUR

ONLINE PUBLIC ACCESS CATALOGUE (OPAC)

Design, fabrication and testing of a power operated jab type paddy dibbler (Record no. 15028)

MARC details
000 -LEADER
fixed length control field 00609nam a22001697a 4500
003 - CONTROL NUMBER IDENTIFIER
control field OSt
088 ## - REPORT NUMBER
Report number T 73
100 ## - MAIN ENTRY--AUTHOR NAME
Personal name MAJI G. KRISHNAN
245 ## - TITLE STATEMENT
Title Design, fabrication and testing of a power operated jab type paddy dibbler
260 ## - PUBLICATION, DISTRIBUTION, ETC. (IMPRINT)
Place of publication Tavanur 1997
Name of publisher Kelappaji College of Agricultural Engineering and Technology
300 ## - PHYSICAL DESCRIPTION
Number of Pages 108
500 ## - GENERAL NOTE
General note Design, fabrication and testing of a power operated jab type paddy dibbler
520 ## - SUMMARY, ETC.
Summary, etc Design, fabrication and testing of a power operated jab type paddy dibbler
700 ## - ADDED ENTRY--PERSONAL NAME
Personal name Er. Jippu Jacob (Guide)
942 ## - ADDED ENTRY ELEMENTS (KOHA)
Koha item type Theses
Holdings
Collection code Home library Current library Shelving location Full call number Accession Number Koha item type Public note
Reference KAUAET KAUAET Reference 631.3 MAJ/DE T 73 Theses M.Tech Thesis
free website counter